| 000 | 00400nam a2200133Ia 4500 | ||
|---|---|---|---|
| 008 | 211109s9999||||xx |||||||||||||| ||und|| | ||
| 082 |
_a658.40342 _bKAP-O |
||
| 100 | _aKapoor, V K | ||
| 245 | 0 | _aOperations Research | |
| 260 |
_bSultan Chand and Sons _aNew Delhi _c1991 |
||
| 630 | _xGeneral Stack | ||
| 650 |
_aGeneral management _vManagement & auxiliary services _xTechnologyEconomics |
||
| 942 | _cBOOK | ||
| 999 |
_c93600 _d93600 |
||